Kinh tế thương nghiệp Việt Nam dưới triều Nguyễn

Sách phục dựng các hoạt động thương mại Việt Nam dưới triều Nguyễn nhất là việc buôn bán với các nước trong khu vực qua các nguồn tài liệu quan trọng ở trong nước và các công trình khảo cứu tiếng nước ngoài. Sách nêu lên các yếu tố...

Descrizione completa

Salvato in:
Dettagli Bibliografici
Autore principale: Đỗ, Bang
Natura: Libro
Lingua:Undetermined
Pubblicazione: Huế Thuận Hóa 1997
Soggetti:
Tags: Aggiungi Tag
Nessun Tag, puoi essere il primo ad aggiungerne! !
Thư viện lưu trữ: Trung tâm Học liệu Trường Đại học Cần Thơ
LEADER 01545nam a2200229Ia 4500
001 CTU_17622
008 210402s9999 xx 000 0 und d
020 |b 10.500đ; 12.000đ (lô 995) 
020 |c 10500 
082 |a 380.09597 
082 |b B106 
100 |a Đỗ, Bang 
245 0 |a Kinh tế thương nghiệp Việt Nam dưới triều Nguyễn 
245 0 |c Đỗ Bang 
260 |a Huế 
260 |b Thuận Hóa 
260 |c 1997 
520 |a Sách phục dựng các hoạt động thương mại Việt Nam dưới triều Nguyễn nhất là việc buôn bán với các nước trong khu vực qua các nguồn tài liệu quan trọng ở trong nước và các công trình khảo cứu tiếng nước ngoài. Sách nêu lên các yếu tố về giao thông, các trung tâm buôn bán, các hoạt động thương mại, chính sách thuế khóa; về chính sách ngoại thương, sách chú ý đến vai trò của Nhà nước trong việc quản chế thương mại quốc tế và thái độ của chính phủ đối với các nhà buôn phương Tây, trong đó sách nhấn mạnh về địa vị của thương gia Hoa Kiều trong nền ngoại thương Việt Nam 
650 |a Nguyen dynasty,Vietnam 
650 |x Economic conditions 
904 |i Minh, 970801, lthieu 
980 |a Trung tâm Học liệu Trường Đại học Cần Thơ